00638nam a2200241 a 4500001001300000003000900013005001700022008003800039020001000077082001300087100001900100245002900119260001300148300000900161500003500170505001000205650001900215700001900234902000800253942000700261952011300268999001500381nice12345678IN_TiNIC20260116011857.0050524s1918 a grp 000 0 per  ac10000a295bNAQ aNaqbat, Hussam aTarikh-O-Taleem Zaritsht abc1918 a144p aincludes index and biblioraphy2 aIndex aZoroastrianism1 aNaqbat, Hussam bSRS cBK 001040708StackRoom-aHMIbHMId2007-07-26g100.00l0o295 NAQp08698r2007-07-26v100.00w2005-05-24yBK c4650d4650